000 00316nam a22001457a 4500
008 210514b ||||| |||| 00| 0 eng d
020 _a9780023080456
041 _aeng
080 _22nd
_a159.9
082 _a159.9
100 _a48
101 _aPSI
245 _aPsychology
_cLudy T. Benjamin
942 _2udc
_cBK
999 _c57341
_d57341